000 00351nam a2200133Ia 4500
005 20260326100025.0
008 260326s9999||||xx |||||||||||||| ||und||
100 _aEscobar, Marlene
245 0 _aArias-Serna-Saravia :
_b Una Arquitectura de Vida /
_cMarlene Escobar
260 _bDiego Samper
300 _a158 p.
650 _aARQUITECTOS
942 _cBK
999 _c6373
_d6373